01189cam a22002891 4500001001300000003000400013005001700017008004100034010001700075035001900092040005000111042001200161043001200173050002300185051002600208051003300234082001000267100003400277245012000311260006600431300008400497490004900581500014400630504002600774650005100800830004800851gs 40000321 DLC20260227111346.0760402s1940 oncef b f001 0 eng c ags 40000321  a(OCoLC)2087398 aU.S. Geol. Survey. LibrarycNcBoAdNSbSUdDLC apremarc an-cn-bc00aQE185b.A2 no. 223 aTN27.B9bK47cCopy 2. aTN27.B9bK47 Copy 2cCopy 3. a557.11 aKindle, Edward Darwin,d1906-10a...Mineral resources, Hazelton and Smithers areas, Cassair and Coast districts, British Columbia,cby E. D. Kindle. aOttawa,bJ. O. Patenaude, I.S.O., printer to the King,c1940. a2 p. l., 107 p.bincl. tables. iv pl. (incl. front.) plans (part fold.)c25 cm.1 aGeological Survey of Canada. Memoirvno. 223 aAt head of title: Canada. Department of mines and resources. Mines and geology branch. Bureau of geology and topography. Geological survey. aBibliography: p. 3-4. 0aMines and mineral resourceszBritish Columbia. 0aMemoir (Geological Survey of Canada) ;v223